| 000 | 01174nam a22003377a 4500 | ||
|---|---|---|---|
| 003 | CHAP | ||
| 005 | 20220329140659.0 | ||
| 008 | 971013s1970 r 00010 d | ||
| 010 | _a55928 | ||
| 011 | _a56900 | ||
| 035 | _a61053 | ||
| 040 | _cCHAP | ||
| 082 |
_a330.18 _bS43Y |
||
| 100 | 0 | 0 |
_aShao, Stephen P. _9105485 |
| 245 | _aEstadística para economistas y administradores de empresas | ||
| 260 |
_aMéxico, D.F. : _bHerrero Hnos., _c1970 |
||
| 300 | _a786 p. | ||
| 590 |
_aBATCH-UPD _b10 _c20130110 _lUCH01 _h0055 |
||
| 590 |
_aBATCH-UPD _b10 _c20130110 _lUCH01 _h2106 |
||
| 590 |
_aBATCH-UPD _b10 _c20130409 _lUCH01 _h2043 |
||
| 590 |
_aBATCH-UPD _b10 _c20130410 _lUCH01 _h1418 |
||
| 590 |
_aBATCH-UPD _b10 _c20130914 _lUCH01 _h1232 |
||
| 590 |
_aCONVERSION _b10 _c20130109 _lUCH01 _h1330 |
||
| 650 | 1 | 4 |
_aEconomía _xMétodos estadísticos. _935252 |
| 650 | 1 | 4 |
_aEstadística. _938241 |
| 901 | _aBK | ||
| 942 | _cLIBRO | ||
| 949 |
_a330.18 S43Y _bBC _cLIBRO _d-131301 _eLIBRO _h15029 _i61053 _si |
||
| 949 |
_a330.18 S43Y _bBC _cLIBRO _d33724000321675 _eLIBRO _fc.3 _h33918 _i61053 _si |
||
| 949 |
_a330.18 S43Y _bBC _cLIBRO _d33724000849162 _eLIBRO _fc.2 _gDonaciØn _h26606rep. _i61053 _si |
||
| 999 |
_c55928 _d55928 |
||